| 000 | 00353nam a22001457a 4500 | ||
|---|---|---|---|
| 008 | 250218b |||||||| |||| 00| 0 eng d | ||
| 020 | _a0205081886 | ||
| 050 |
_aHD70 _b.O94 |
||
| 100 | _aOWEN, Brian | ||
| 245 | _aIntroduction to Canadian Business | ||
| 250 | _a2nd | ||
| 260 |
_aU.S.A _bAllyn and Bacon Inc. _c1984 |
||
| 300 | _axv, 704p. | ||
| 942 | _cBK | ||
| 999 |
_c1960 _d1960 |
||